[Event "Caldaro op 3rd"]
[Site "Caldaro"]
[Date "2018.11.03"]
[Round "4"]
[White "Paveglio, Mattia"]
[Black "Diller, Peter"]
[Result "1/2-1/2"]
[WhiteElo "1870"]
[BlackElo "1991"]
[PlyCount "104"]
[EventDate "2018.11.01"]
[EventType "swiss"]
[EventRounds "6"]
[EventCountry "ITA"]
[SourceTitle "EXT 2021"]
[Source "ChessBase"]
[SourceDate "2020.10.23"]
[SourceVersion "1"]
[SourceVersionDate "2020.10.23"]
[SourceQuality "1"]

1. d4 e6 2. Nf3 d5 3. c4 Nf6 4. Nc3 c5 5. cxd5 exd5 6. Bg5 Be7 7. dxc5 Be6 8. e3 Nc6 9. Bb5 0-0 10. Qa4 Rc8 11. Bxc6 Rxc6 12. b4 h6 13. Bf4 Ra6 14. Qc2 b6 15. 0-0 bxc5 16. bxc5 Rc6 17. Nd4 Rxc5 18. Qb3 Qa5 19. Nce2 Rfc8 20. Qb7 Bf8 21. Nxe6 fxe6 22. Nd4 Qa3 23. Nxe6 Rc1 24. Nc7 Rxf1+ 25. Rxf1 Rd8 26. Ne6 Re8 27. Nxf8 Rxf8 28. Qb3 Qxb3 29. axb3 Rc8 30. h3 Rc3 31. b4 Ne4 32. f3 Nd2 33. Rd1 Nc4 34. Rxd5 g5 35. Bb8 Rc1+ 36. Kh2 Nxe3 37. Rd8+ Kf7 38. Bxa7 Nf5 39. Rd2 Rb1 40. Bc5 h5 41. g3 Rb3 42. Kg2 g4 43. hxg4 hxg4 44. fxg4 Rxg3+ 45. Kf2 Rxg4 46. Kf3 Rc4 47. Ke2 Ke6 48. Rd8 Ng3+ 49. Kd3 Rc1 50. Kd2 Rc4 51. Bf8 Nf5 52. b5 Rd4+ 1/2-1/2

[Event "Mittelfranken-chTB1 1718"]
[Site "Mittelfranken"]
[Date "2018.03.04"]
[Round "6.4"]
[White "Diller, Peter"]
[Black "Hetzner, Hannes"]
[Result "0-1"]
[WhiteElo "1947"]
[BlackElo "1857"]
[PlyCount "84"]
[EventDate "2017.10.08"]
[EventType "team-tourn"]
[EventRounds "9"]
[EventCountry "GER"]
[SourceTitle "EXT 2022"]
[Source "ChessBase"]
[SourceDate "2021.10.06"]
[SourceVersion "1"]
[SourceVersionDate "2021.10.06"]
[SourceQuality "1"]
[WhiteTeam "Rothenburg"]
[BlackTeam "Erlangen SC III"]
[WhiteTeamCountry "GER"]
[BlackTeamCountry "GER"]

1. e4 e6 2. f4 d5 3. e5 c5 4. Nf3 Nc6 5. c4 d4 6. d3 f6 7. Be2 Qc7 8. 0-0 Bd7 9. exf6 gxf6 10. Ne5 fxe5 11. Bh5+ Kd8 12. fxe5 Nge7 13. Bg5 Bg7 14. Bf6 Bxf6 15. exf6 Ng6 16. Nd2 Be8 17. Ne4 b6 18. Ng5 Bf7 19. Qe2 Nce5 20. Rae1 Rb8 21. Bxg6 Nxg6 22. Nxe6+ Bxe6 23. Qxe6 Qd7 24. f7 Qxe6 25. Rxe6 Rb7 26. h4 Rf8 27. h5 Nh8 28. Kh2 Rfxf7 29. Rxf7 Nxf7 30. g4 Re7 31. Rf6 Ne5 32. Kg3 Rg7 33. Rf4 Nxd3 34. Re4 Nxb2 35. Kf4 Nxc4 36. g5 d3 37. Re1 d2 38. Rd1 Ke8 39. g6 hxg6 40. h6 Re7 41. Kg5 Kf8 42. Kxg6 Kg8 0-1

[Event "Mittelfranken-ch HT 66th"]
[Site "Uttenreuth"]
[Date "2017.04.12"]
[Round "3"]
[White "Link, Andreas"]
[Black "Diller, Peter"]
[Result "1-0"]
[WhiteElo "2015"]
[BlackElo "2006"]
[PlyCount "84"]
[EventDate "2017.04.11"]
[EventType "swiss"]
[EventRounds "9"]
[EventCountry "GER"]
[SourceTitle "EXT 2020"]
[Source "ChessBase"]
[SourceDate "2019.10.17"]
[SourceVersion "1"]
[SourceVersionDate "2019.10.17"]
[SourceQuality "1"]

1. e4 e6 2. d4 d5 3. Nc3 Bb4 4. e5 c5 5. a3 Bxc3+ 6. bxc3 Qc7 7. Nf3 Nc6 8. a4 Nge7 9. Qd2 0-0 10. Be2 Bd7 11. Ba3 c4 12. 0-0 Rae8 13. Rfe1 f6 14. Bd6 Qd8 15. exf6 Rxf6 16. Ne5 Bc8 17. Bxe7 Rxe7 18. Nxc6 bxc6 19. f4 Qa5 20. Bg4 g6 21. f5 Qc7 22. fxg6 hxg6 23. Re5 Qd6 24. Qg5 Ref7 25. h4 Qf8 26. Kh2 Kg7 27. Rae1 Qd6 28. h5 c5 29. Kg1 cxd4 30. cxd4 Qb6 31. Qe3 Qb2 32. hxg6 Rxg6 33. Bh5 Rff6 34. Bxg6 Rxg6 35. Rg5 Qxc2 36. Qe5+ Kf7 37. Rf1+ Kg8 38. Rxg6+ Qxg6 39. Rf3 Qb1+ 40. Kh2 Qh7+ 41. Rh3 Qf5 42. Rh8+ Kf7 1-0

[Event "Mittelfranken-chTB1 1617"]
[Site "Mittelfranken"]
[Date "2016.11.13"]
[Round "2.3"]
[White "Diller, Peter"]
[Black "Faralisz, Patrick"]
[Result "1-0"]
[WhiteElo "1903"]
[BlackElo "1863"]
[PlyCount "53"]
[EventDate "2016.10.23"]
[EventType "team-tourn"]
[EventRounds "9"]
[EventCountry "GER"]
[SourceTitle "EXT 2022"]
[Source "ChessBase"]
[SourceDate "2021.10.06"]
[SourceVersion "1"]
[SourceVersionDate "2021.10.06"]
[SourceQuality "1"]
[WhiteTeam "Rothenburg"]
[BlackTeam "Nuernberg Noris Tarrasch III"]
[WhiteTeamCountry "GER"]
[BlackTeamCountry "GER"]

1. e4 e5 2. f4 exf4 3. Nf3 g5 4. h4 g4 5. Ne5 Nf6 6. Bc4 d5 7. exd5 Bd6 8. d4 Nh5 9. Nc3 Ng3 10. Rh2 Qe7 11. Bxf4 Nh5 12. g3 f6 13. Bb5+ Kf8 14. Qe2 fxe5 15. dxe5 Bb4 16. Bh6+ Kf7 17. Rf2+ Kg6 18. Qe3 Nxg3 19. Rf6+ Qxf6 20. exf6 Nf5 21. Qg5+ Kf7 22. 0-0-0 Na6 23. Rf1 Bf8 24. Bxf8 Rxf8 25. Rxf5 Rg8 26. Qh5+ Kf8 27. Qe8# 1-0

[Event "Mittelfranken-chTB2a 1415"]
[Site "Mittelfranken"]
[Date "2015.03.22"]
[Round "8.4"]
[White "Diller, Peter"]
[Black "Ross, Sandra"]
[Result "1-0"]
[WhiteElo "1959"]
[BlackElo "1737"]
[PlyCount "39"]
[EventDate "2014.09.28"]
[EventType "team-tourn"]
[EventRounds "9"]
[EventCountry "GER"]
[SourceTitle "EXT 2020"]
[Source "ChessBase"]
[SourceDate "2019.10.17"]
[SourceVersion "1"]
[SourceVersionDate "2019.10.17"]
[SourceQuality "1"]
[WhiteTeam "Rothenburg"]
[BlackTeam "Buechenbach/Roth II"]
[WhiteTeamCountry "GER"]
[BlackTeamCountry "GER"]

1. e4 e5 2. f4 Bc5 3. Nf3 d6 4. Nc3 Nf6 5. Bc4 Nc6 6. d3 exf4 7. Bxf4 0-0 8. Na4 d5 9. Nxc5 dxc4 10. 0-0 b6 11. Na4 cxd3 12. cxd3 Ba6 13. Rc1 Nb4 14. Bxc7 Qxd3 15. Re1 Bb7 16. Bd6 Qb5 17. Nc3 Qa5 18. Bxf8 Rxf8 19. a3 Nc6 20. Nd5 1-0

[Event "Mittelfranken-chTB2a 1415"]
[Site "Mittelfranken"]
[Date "2014.12.14"]
[Round "4.4"]
[White "Koerber, Christian"]
[Black "Diller, Peter"]
[Result "1/2-1/2"]
[WhiteElo "1671"]
[BlackElo "1959"]
[PlyCount "69"]
[EventDate "2014.09.28"]
[EventType "team-tourn"]
[EventRounds "9"]
[EventCountry "GER"]
[SourceTitle "EXT 2020"]
[Source "ChessBase"]
[SourceDate "2019.10.17"]
[SourceVersion "1"]
[SourceVersionDate "2019.10.17"]
[SourceQuality "1"]
[WhiteTeam "Nuernberg Sued SW IV"]
[BlackTeam "Rothenburg"]
[WhiteTeamCountry "GER"]
[BlackTeamCountry "GER"]

1. d4 e6 2. Nf3 f5 3. e3 Nf6 4. Nc3 d5 5. Bd3 Bd6 6. Nb5 Be7 7. c4 c6 8. Nc3 0-0 9. 0-0 Bd6 10. Ne2 Ne4 11. Ne5 Nd7 12. Nxd7 Bxd7 13. Nf4 Qe7 14. f3 Nf6 15. Qb3 b6 16. Bd2 Rad8 17. a4 Bc8 18. a5 Bxf4 19. exf4 dxc4 20. Bxc4 Qd6 21. Rfe1 Rfe8 22. axb6 axb6 23. Be3 b5 24. Bd3 Nd5 25. Bf2 Rf8 26. g3 h5 27. h4 Rf6 28. Re5 Ne7 29. Kf1 Rf7 30. Be3 Nd5 31. Bf2 g6 32. Ree1 Kg7 33. Ra3 Kf6 34. Rea1 Rc7 35. Be2 1/2-1/2

[Event "Nuremberg Zabo op 16th"]
[Site "Nuremberg"]
[Date "2014.09.21"]
[Round "4"]
[White "Haag, Wolfgang"]
[Black "Diller, Peter"]
[Result "1/2-1/2"]
[WhiteElo "2188"]
[BlackElo "1939"]
[PlyCount "83"]
[EventDate "2014.09.19"]
[EventType "swiss"]
[EventRounds "5"]
[EventCountry "GER"]
[SourceTitle "EXT 2018"]
[Source "ChessBase"]
[SourceDate "2017.10.13"]
[SourceVersion "1"]
[SourceVersionDate "2017.10.13"]
[SourceQuality "1"]

1. f4 d5 2. Nf3 c5 3. e3 Nf6 4. Be2 e6 5. b3 Bd6 6. Bb2 a6 7. 0-0 b5 8. Qe1 Bb7 9. d3 Nbd7 10. Ne5 Qe7 11. Nd2 0-0 12. Qh4 Rad8 13. Qg3 Ne8 14. a4 f6 15. Nxd7 Rxd7 16. Qe1 Bb8 17. e4 e5 18. axb5 axb5 19. d4 cxd4 20. Bxb5 Rc7 21. Ba3 Nd6 22. fxe5 fxe5 23. Rxf8+ Qxf8 24. Bd3 Qf6 25. exd5 Bxd5 26. Bxd6 Qxd6 27. Ne4 Qc6 28. Ra6 Qe8 29. Qh4 Bxb3 30. cxb3 Rc1+ 31. Kf2 Qf8+ 32. Nf6+ Kf7 33. Qh5+ Ke7 34. Qxh7 Bd6 35. Rxd6 Kxd6 36. Qxg7 Qxg7 37. Ne8+ Kd5 38. Nxg7 e4 39. Bc4+ Ke5 40. h4 Rc2+ 41. Kf1 Rc1+ 42. Kf2 1/2-1/2

[Event "Mittelfranken-ch QT"]
[Site "Mittelfranken"]
[Date "2014.04.18"]
[Round "7.2"]
[White "Konsek, Peter"]
[Black "Diller, Peter"]
[Result "1-0"]
[WhiteElo "2051"]
[BlackElo "1987"]
[PlyCount "49"]
[EventDate "2014.04.16"]
[EventType "swiss"]
[EventRounds "7"]
[EventCountry "GER"]
[SourceTitle "EXT 2022"]
[Source "ChessBase"]
[SourceDate "2021.10.06"]
[SourceVersion "1"]
[SourceVersionDate "2021.10.06"]
[SourceQuality "1"]

1. e4 e6 2. d4 d5 3. Nc3 Nf6 4. Bg5 Be7 5. e5 Nfd7 6. h4 h6 7. Be3 c5 8. Qg4 Bf8 9. Nf3 Nc6 10. 0-0-0 cxd4 11. Bxd4 Nxd4 12. Rxd4 Nb6 13. Ne4 Qc7 14. Nd6+ Bxd6 15. Qxg7 Bxe5 16. Nxe5 Rf8 17. Ng6 Qd6 18. Nxf8 Qxf8 19. Rg4 Bd7 20. Qf6 Rc8 21. Rg7 Ba4 22. Bd3 Nd7 23. Qxh6 Qc5 24. Qf4 f6 25. Qxa4 1-0